000
00318nam a22001337a 4500
020
_a
978-0-8138-1541-1
041
_a
ENG
100
_a
Sinha.N.K
245
_a
Handbook Of Vegetables And Vegetable Processing
260
_a
Delhi
_b
Wiley - Blackwell
_c
2011
300
_a
772
650
_a
APE
856
_u
APE (03 )
999
_c
1743
_d
1743